000 00904nam a2200265 a 4500
999 _c12017
_d12017
001 12017
003 BD-JhCC
005 20210304124436.0
008 210304b20012010bg a|||| ||a| 000 0 mul d
020 _a9847027700893
035 _a(BD-JhCC)12017
040 _aBD-JhCC
_dBD-JhCC
041 _amul
082 _a004.22
_bKHA 2010
100 _aখান, মোঃ আজিজুর রহমান
245 _aপিসি হার্ডওয়্যার ও এ্যাসেম্বল গাইড
_cমোঃ আজিজুর রহমান খান
260 _aঢাকা :
_bজ্ঞানকোষ প্রকাশনী;
_c২০১০.
300 _a364 p. :
_c24 cm.
650 _aComputer organization
650 _aComputer engineering
650 _aComputer architecture
650 _aSystem design--Data processing
942 _2ddc
_cBK